Welcome to the Holygrace Academy Library

Please use search bar below to get started

CUET UG-2023 (Record no. 7784)

MARC details
000 -LEADER
fixed length control field 00364nam a22001337a 4500
020 ## - INTERNATIONAL STANDARD BOOK NUMBER
ISBN 978-93-5618-539-5
082 ## - DEWEY DECIMAL CLASSIFICATION NUMBER
Classification number 574
Item number CUE/B
100 ## - MAIN ENTRY--AUTHOR NAME
Personal name RACHNA SAGAR
245 ## - TITLE STATEMENT
Title CUET UG-2023
Remainder of title BIOLOGY, BIOLOGICAL STUDIES, BIOTECHNOLOGY, BIOCHEMISTRY
260 ## - PUBLICATION, DISTRIBUTION, ETC. (IMPRINT)
Place of publication NEW DELHI
Name of publisher RACHNA SAGAR PVT. LTD
Year of publication 2023
300 ## - PHYSICAL DESCRIPTION
Number of Pages 188
520 ## - SUMMARY, ETC.
Summary, etc REFERENCE- HOME SCIENCE
942 ## - ADDED ENTRY ELEMENTS (KOHA)
Koha item type Books
Holdings
Withdrawn status Lost status Collection code Home library Current library Shelving location Date acquired Source of acquisition Cost, normal purchase price Full call number Accession Number Koha item type
    Reference Main Library Main Library SHELF-5 D REFERENCEBIOLOGY 20/11/2023 Purchase 249.00 574 CUE/H 13364 Books